000 00695nam a2200253Ia 4500
003 OSt
005 20221005043044.0
006 a|||||r|||| 00| 0
007 ta
008 221004b |||||||| |||| 00| 0 eng d
024 _a16589
037 _cTextual
040 _aCRL
_cCRL
_beng
041 _2eng
_aeng
082 _awk, K8;N0 (RR)
100 _aMagnusson Magnus ed.
_9591168
245 0 _aChambers biographical dictionary ed by Magnus Magnusson
250 _a5th
260 _aEdinburh
_bW & R Chambers
_c1990
300 _axii, 1604p.
_ccm.
650 _aBIOGRAPHY
942 _hwk, K8;N0 (RR)
_cTEXL
_2cc
999 _c951254
_d951254